Programování www stránek pro úplné začátečníky

Gespeichert in:
Bibliographische Detailangaben
1. Verfasser: Broža, Petr
Weitere Verfasser: Buranský, Imrich
Format: Buch
Sprache:Tschechisch
Veröffentlicht: Brno Computer Press 2003
Ausgabe:3. aktualiz. a rozšíř. vyd.
Schlagworte:
Tags: Tag hinzufügen
Keine Tags, Fügen Sie das erste Tag hinzu!

MARC

LEADER 00000nam$a2200000$$$4500
001 0043246
005 20240201121317.7
020 |a 80-7226-818-X 
041 0 |a cze 
044 |a CZ 
245 1 0 |a Programování www stránek pro úplné začátečníky  |c Petr Broža, Imrich Buranský 
250 |a 3. aktualiz. a rozšíř. vyd. 
264 1 |a Brno  |b Computer Press  |c 2003 
300 |a viii, 202 s. 
610 2 0 |a stránky webové 
100 1 |a Broža, Petr 
700 1 |a Buranský, Imrich